000
00321nam a2200133Ia 4500
005
20251223000720.0
008
251222s9999||||xx |||||||||||||| ||spa||
082
_a
372.5/M27
100
_a
Mason, P. Graziano
245
0
_a
Trabajo Artesanal, Género y Solidaridad
250
_a
1ra.ed.
264
_b
MCCH
942
_c
LIB
999
_c
41621
_d
41621